Statistics for Every Isaac Hayes song that hit the Billboard hot 100

Click here to take the quiz!

General Stats

  • This quiz has been taken 5 times
  • The average score is 4 of 14

Answer Stats

Peak Chart PositionYearSong% Correct
11971Theme From Shaft
100%
181980Don't Let Go
40%
381972Theme From The Men
40%
921975Chocolate Chip
40%
221971Never Can Say Goodbye
20%
301969Walk On By
20%
301972Do Your Thing
20%
301974"Joy" Pt. I
20%
371969By The Time I Get To Phoenix
20%
481972Let's Stay Together
20%
711974Wonderful
20%
791971The Look Of Love
20%
861972Ain't That Loving You (For More Reasons Than One)
20%
421970I Stand Accused
0%

Score Distribution

Percentile by Number Answered

Percent of People with Each Score

Your Score History

You have not taken this quiz